000 00303nam a2200121Ia 4500
008 190723s9999 xx 000 0 und d
020 _a978-93-84323-16-5
100 _aMatheus Grasseli
245 0 _aNumerical Mathematics
260 _aNew delhi
_bJones & Bartlett
_c2017
300 _a668.:p
942 _cBK
999 _c1786
_d1786